DEL Ewige Tabelle - Statistiken

Allgemein
  • Dieses Quiz wurde 722 mal gespielt
    315 seit der letzten Aktualisierung
  • Das Durchschnittsergebnis liegt bei 16 aus 34
Antwortstatistiken
# S P Team % Korrekt
2 32 2694 Eisbären Berlin
92%
3 32 2642 Kölner Haie
90%
1 32 2834 Adler Mannheim
85%
5 29 2150 Düsseldorfer EG
80%
11 16 1503 EHC Red Bull München
78%
6 32 2072 Augsburger Panther
71%
8 28 1951 Krefeld Pinguine
70%
9 26 1773 Iserlohn Roosters
69%
13 20 1443 Löwen Frankfurt
66%
4 32 2479 Nürnberg Ice Tigers
66%
7 24 2028 ERC Ingolstadt
62%
12 20 1476 Straubing Tigers
61%
14 22 1292 Schwenninger Wild Wings
60%
10 20 1595 Grizzlys Wolfsburg
57%
18 10 830 Fischtown Pinguins Bremerhaven
56%
17 14 920 Kassel Huskies
56%
34 1 26 Dresdner Eislöwen
53%
16 14 1147 Hamburg Freezers
51%
15 17 1199 Hannover Scorpions
49%
26 2 108 Bietigheim Steelers
43%
21 5 307 EV Landshut
41%
23 6 266 Starbulls Rosenheim
35%
24 3 180 Moskitos Essen
26%
20 3 331 München Barons
24%
29 2 59 Hannover Indians
22%
31 2 46 Lausitzer Füchse
22%
33 1 34 Wölfe Freiburg
22%
27 3 97 ESV Kaufbeuren
19%
25 4 171 Füchse Duisburg
18%
22 5 278 Revierlöwen Oberhausen
18%
19 8 537 Berlin Capitals
17%
32 1 37 SC Riessersee
15%
30 1 53 Maddogs München
14%
28 3 84 Ratinger Löwen
10%
Keine übereinstimmenden Quizze gefunden
Verteilung der Resultate
Anzahl Personen mit jedem Resultat
Perzentil nach korrekt beantworteten Fragen
Ihre Resultats-Entwicklung
Sie haben dieses Quiz seit der letzten Aktualisierung nicht gespielt